[Event "VIII Festival B"]
[Site "Amantea ITA"]
[Date "2010.09.03"]
[Round "6"]
[White "Carbone, Edoardo"]
[Black "Mazzuca, Aldo"]
[Result "1-0"]
[WhiteElo "1614"]
[BlackElo "1404"]
[PlyCount "133"]
[EventDate "2010.08.29"]

1. c4 e5 2. g3 g6 3. Bg2 Bg7 4. Nc3 Nf6 5. d3 O-O 6. Nf3 d6 7. O-O a6 8. Rb1 c6
9. a4 Bd7 10. b4 Qc8 11. Bd2 Bh3 12. a5 Bxg2 13. Kxg2 c5 14. Na4 Nbd7 15. bxc5
dxc5 16. Qb3 Rb8 17. Qa3 Re8 18. e4 Bf8 19. Rb3 Re6 20. Rfb1 Ne8 21. Qb2 Nd6
22. Nb6 Nxb6 23. Rxb6 Be7 24. Ng5 Rf6 25. Qxe5 Qc7 26. Qb2 h6 27. e5 Nxc4 28.
dxc4 Rxb6 29. axb6 Qc6+ 30. Nf3 g5 31. g4 Qe4 32. h3 Qxc4 33. Rc1 Qd5 34. Qc2
Qc6 35. Re1 Kg7 36. Bc3 Qxb6 37. e6+ f6 38. Qf5 Rg8 39. Rd1 Rd8 40. Rd7 Rxd7
41. exd7 Qd6 42. h4 gxh4 43. Nxh4 Qc6+ 44. f3 Kf7 45. Qd3 Ke6 46. d8=Q Bxd8 47.
Qxd8 b5 48. Qxf6+ Kd7 49. Qf5+ Kc7 50. Ba5+ Kb7 51. Qf7+ Ka8 52. Nf5 b4 53. Qc4
Qb5 54. Qxb5 axb5 55. Bxb4 cxb4 56. Nd4 Kb7 57. Kf2 Kb6 58. Ke3 Kc5 59. Kd3 Kd5
60. f4 Kd6 61. Nxb5+ Ke7 62. Ke4 Kf7 63. Ke5 Kg6 64. f5+ Kg7 65. f6+ Kf7 66.
Kf5 Kf8 67. Kg6 1-0

[Event "VIII Festival B"]
[Site "Amantea ITA"]
[Date "2010.09.03"]
[Round "6"]
[White "Carlomagno, Vincenzo"]
[Black "Violi, Vincenzo"]
[Result "1-0"]
[WhiteElo "1851"]
[BlackElo "1725"]
[PlyCount "49"]
[EventDate "2010.08.29"]

1. e4 c5 2. Nf3 d6 3. d4 cxd4 4. Nxd4 Nf6 5. Nc3 a6 6. Bg5 e6 7. f4 Qb6 8. Qd2
Nc6 9. O-O-O Bd7 10. Be2 Be7 11. Nb3 h5 12. e5 Ng4 13. Bxe7 Nxe7 14. Bxg4 hxg4
15. Qxd6 Qxd6 16. Rxd6 Bc6 17. Rd2 Ng6 18. Nd4 Nxf4 19. Nxc6 bxc6 20. Rd4 Ng6
21. Rxg4 Nxe5 22. Rxg7 Ng6 23. Rf1 Ra7 24. Ne4 Rxh2 25. Nd6+ 1-0

[Event "VIII Festival B"]
[Site "Amantea ITA"]
[Date "2010.09.03"]
[Round "6"]
[White "Denozza, Mauro"]
[Black "Grasso, Francesco"]
[Result "1/2-1/2"]
[WhiteElo "1666"]
[BlackElo "1488"]
[PlyCount "46"]
[EventDate "2010.08.29"]

1. d4 Nf6 2. Nf3 d5 3. e3 Bf5 4. Bd3 e6 5. Bxf5 exf5 6. b3 Ne4 7. Bb2 Nc6 8.
O-O Bd6 9. c4 Be7 10. cxd5 Qxd5 11. Nc3 Nxc3 12. Bxc3 O-O 13. Qc2 Bf6 14. Rfd1
Qe4 15. Qxe4 fxe4 16. Ne5 Bxe5 17. dxe5 Rad8 18. Kf1 Rd3 19. Rxd3 exd3 20. Rd1
Rd8 21. Bd4 Nxd4 22. exd4 b5 23. Rxd3 Kf8 1/2-1/2

[Event "VIII Festival B"]
[Site "Amantea ITA"]
[Date "2010.09.03"]
[Round "6"]
[White "Fariselli, Umberto"]
[Black "Sansosti, Simona"]
[Result "0-1"]
[WhiteElo "1458"]
[BlackElo "1410"]
[PlyCount "53"]
[EventDate "2010.08.29"]

1. d4 d5 2. Nf3 Nf6 3. e3 Bg4 4. Be2 e6 5. O-O Nbd7 6. c3 Be7 7. Nbd2 h6 8. Re1
O-O 9. b4 Re8 10. a4 Bd6 11. Bd3 e5 12. Be2 e4 13. Nh4 Bxe2 14. Qxe2 c6 15. g3
Nf8 16. a5 a6 17. Rb1 Qd7 18. Qf1 Re6 19. Qh3 N8h7 20. Nf5 Ree8 21. Kg2 Bf8 22.
Rf1 Ng5 23. Nxh6+ gxh6 24. Qxh6 Bxh6 25. f4 Qh3+ 26. Kh1 Nf3 27. Nxf3 0-1

[Event "VIII Festival B"]
[Site "Amantea ITA"]
[Date "2010.09.03"]
[Round "6"]
[White "Greco, Simone"]
[Black "Scerra, Ezio"]
[Result "1/2-1/2"]
[WhiteElo "1614"]
[BlackElo "1419"]
[PlyCount "51"]
[EventDate "2010.08.29"]

1. e4 d5 2. exd5 Qxd5 3. Nc3 Qa5 4. d4 Nf6 5. Bd3 Bg4 6. Nf3 Nbd7 7. h3 Bh5 8.
g4 Bg6 9. Nh4 O-O-O 10. Nxg6 hxg6 11. Bc4 e6 12. Qd3 Ne5 13. Qf1 Nxc4 14. Qxc4
Nxg4 15. Bd2 Qb6 16. b3 Qxd4 17. Qxd4 Rxd4 18. Nb5 Re4+ 19. Kf1 a6 20. Nc3 Rd4
21. Ke2 Nxf2 22. Rhf1 Ne4 23. Nxe4 Rxe4+ 24. Kd3 f5 25. Rf3 Be7 26. c3 1/2-1/2

[Event "VIII Festival B"]
[Site "Amantea ITA"]
[Date "2010.09.03"]
[Round "6"]
[White "Gregori, Giacomo"]
[Black "Carbone, Stefano"]
[Result "1/2-1/2"]
[WhiteElo "1802"]
[BlackElo "1885"]
[PlyCount "91"]
[EventDate "2010.08.29"]

1. e4 g6 2. d4 Bg7 3. Nc3 d6 4. Be3 a6 5. f3 b5 6. Qd2 Bb7 7. h4 h6 8. g3 Nd7
9. Bh3 e6 10. O-O-O Nb6 11. b3 Ne7 12. Nge2 d5 13. e5 c5 14. h5 cxd4 15. Bxd4
g5 16. f4 Nc6 17. f5 Bc8 18. fxe6 fxe6 19. Qd3 O-O 20. Rhf1 Rb8 21. Qe3 Qc7 22.
Rxf8+ Kxf8 23. Bxb6 Qxb6 24. Qxb6 Rxb6 25. Nxd5 exd5 26. Bxc8 Ne7 27. Bd7 Bxe5
28. Rf1+ Rf6 29. Rxf6+ Bxf6 30. c3 Be5 31. Kd2 Kg7 32. Kd3 Kf6 33. g4 Bc7 34.
Kd4 Bb6+ 35. Kd3 Ke5 36. a4 bxa4 37. Bxa4 a5 38. Bd7 Kd6 39. Be8 Ng8 40. Bg6
Nf6 41. Bf5 Ke5 42. Bc8 Ne4 43. Bf5 Nf2+ 44. Kd2 d4 45. cxd4+ Bxd4 46. Kc2
1/2-1/2

[Event "VIII Festival B"]
[Site "Amantea ITA"]
[Date "2010.09.03"]
[Round "6"]
[White "Grudina, Marco"]
[Black "Stoja, Rocco"]
[Result "1-0"]
[WhiteElo "1866"]
[BlackElo "1820"]
[PlyCount "107"]
[EventDate "2010.08.29"]

1. e4 c5 2. Nf3 e6 3. d4 cxd4 4. Nxd4 Nc6 5. Nb5 d6 6. N1c3 a6 7. Nd4 Be7 8.
Be3 Nf6 9. Bd3 Ne5 10. Be2 Bd7 11. f4 Nc6 12. Qd2 e5 13. Nf5 Bxf5 14. exf5 Qa5
15. g4 h5 16. g5 Ng4 17. Bg1 exf4 18. Qxf4 Qb4 19. Qd2 Nge5 20. h4 O-O-O 21.
O-O-O Nc4 22. Bxc4 Qxc4 23. Qd5 Qf4+ 24. Kb1 f6 25. g6 Qe5 26. Qf3 Rd7 27. Nd5
Kb8 28. Bh2 Nd4 29. Bxe5 Nxf3 30. Bg3 Bd8 31. Nf4 Bc7 32. Ne6 b6 33. Rhf1 Ne5
34. Rfe1 Kc8 35. Re3 Re7 36. Rc3 Rhe8 37. Rxd6 Kb7 38. Rd1 Rxe6 39. fxe6 Rxe6
40. Re1 Rc6 41. Rxc6 Kxc6 42. Bxe5 Bxe5 43. Re3 Kd6 44. Rf3 Ke6 45. c4 f5 46.
b4 Bd4 47. Kc2 Kf6 48. Ra3 a5 49. bxa5 bxa5 50. Rxa5 Kxg6 51. c5 Kf6 52. Kd3
Bf2 53. c6 Ke6 54. Rxf5 1-0

[Event "VIII Festival B"]
[Site "Amantea ITA"]
[Date "2010.09.03"]
[Round "6"]
[White "Ielapi, Vito"]
[Black "Bevilacqua, Michele"]
[Result "1-0"]
[WhiteElo "1829"]
[BlackElo "1820"]
[PlyCount "77"]
[EventDate "2010.08.29"]

1. d4 f5 2. g3 Nf6 3. Bg2 g6 4. Be3 Bg7 5. Qd2 O-O 6. Bh6 c6 7. Bxg7 Kxg7 8. h4
d6 9. Nf3 Ne4 10. Qe3 Qb6 11. b3 h6 12. Nfd2 d5 13. h5 g5 14. f3 f4 15. Qd3
Nxg3 16. Qg6+ Kh8 17. Qxh6+ Kg8 18. Qxg5+ Kh8 19. Qe5+ Rf6 20. Qxe7 c5 21. h6
Rxh6 22. Qf8+ Kh7 23. Rxh6+ Qxh6 24. Qxc8 Qg7 25. Qh3+ Kg8 26. Qg4 Nc6 27. dxc5
Re8 28. Nc3 Nd4 29. Qxg7+ Kxg7 30. O-O-O Ndxe2+ 31. Nxe2 Nxe2+ 32. Kb2 Rc8 33.
Re1 Nd4 34. c3 Nf5 35. Bh3 Kf6 36. b4 Rh8 37. Bxf5 Kxf5 38. Re7 Rh2 39. Kc2 1-0

[Event "VIII Festival B"]
[Site "Amantea ITA"]
[Date "2010.09.03"]
[Round "6"]
[White "Lo Cascio, Marco"]
[Black "Scalise, Sandro"]
[Result "0-1"]
[WhiteElo "1593"]
[BlackElo "1758"]
[PlyCount "50"]
[EventDate "2010.08.29"]

1. e4 Nf6 2. Nc3 d5 3. e5 Ne4 4. Nf3 Nxc3 5. dxc3 Nc6 6. Bd3 g6 7. h3 Bg7 8.
Bf4 O-O 9. Qd2 f6 10. exf6 exf6 11. O-O-O Be6 12. Kb1 Ne5 13. Nxe5 fxe5 14. Bh6
e4 15. Bxg7 Kxg7 16. Bf1 Qf6 17. Qd4 Qxd4 18. Rxd4 Rxf2 19. Kc1 c5 20. Rd2 Raf8
21. Rd1 Kf6 22. Re1 Ke5 23. g3 R8f3 24. Rg1 Rh2 25. g4 Rff2 0-1

[Event "VIII Festival B"]
[Site "Amantea ITA"]
[Date "2010.09.03"]
[Round "6"]
[White "Martino, Giovanni"]
[Black "De Luca, Alessio"]
[Result "1-0"]
[WhiteElo "1536"]
[BlackElo "1416"]
[PlyCount "63"]
[EventDate "2010.08.29"]

1. e4 e5 2. Nf3 Nc6 3. Bb5 a6 4. Ba4 Nf6 5. O-O Be7 6. Re1 b5 7. Bb3 d6 8. c3
O-O 9. h3 Bb7 10. d4 Re8 11. Nbd2 Bf8 12. Bc2 Nb8 13. b3 Nbd7 14. d5 h6 15. Nf1
c6 16. c4 bxc4 17. bxc4 Nb6 18. Ne3 cxd5 19. cxd5 Qc7 20. Nf5 Rac8 21. Rb1 Nbd7
22. Ba3 Nc5 23. Bxc5 dxc5 24. d6 Qd7 25. Rb6 Red8 26. Nxe5 Qe6 27. f4 Rb8 28.
Bb3 c4 29. Bxc4 Qc8 30. Bxf7+ Kh7 31. Bg6+ Kg8 32. Qb3+ 1-0

[Event "VIII Festival B"]
[Site "Amantea ITA"]
[Date "2010.09.03"]
[Round "6"]
[White "Palermiti, Francesco"]
[Black "Zampaglione, Davide"]
[Result "0-1"]
[WhiteElo "1470"]
[BlackElo "1662"]
[PlyCount "48"]
[EventDate "2010.08.29"]

1. d4 d5 2. Nf3 Nf6 3. e3 e6 4. Bd3 c5 5. b3 Nc6 6. a3 Bd6 7. Bb2 O-O 8. Nbd2
Re8 9. Ne5 cxd4 10. exd4 Qc7 11. f4 g6 12. O-O Kg7 13. Rf3 Qb6 14. c3 Bxe5 15.
fxe5 Nxe5 16. Rh3 Nxd3 17. Rxd3 e5 18. Kh1 e4 19. Rg3 e3 20. Nf3 Ne4 21. Qe1
Nxg3+ 22. Qxg3 e2 23. Ne5 Qxb3 24. Bc1 Qd1+ 0-1

[Event "VIII Festival B"]
[Site "Amantea ITA"]
[Date "2010.09.03"]
[Round "6"]
[White "Paragliola, Gennaro"]
[Black "Barca, Lorenzo"]
[Result "0-1"]
[WhiteElo "1598"]
[BlackElo "1524"]
[PlyCount "66"]
[EventDate "2010.08.29"]

1. d4 d5 2. c4 c6 3. cxd5 cxd5 4. Nc3 Nc6 5. Nf3 Nf6 6. Bg5 e6 7. e3 Bb4 8. Rc1
h6 9. Bh4 O-O 10. Bd3 Re8 11. O-O a6 12. Bb1 Bd7 13. Qc2 Rc8 14. Ne5 Bd6 15.
Nxd7 Qxd7 16. Bxf6 gxf6 17. Qh7+ Kf8 18. Qxh6+ Ke7 19. f4 Rh8 20. Bh7 Rcg8 21.
Rf3 Rg6 22. Qh4 Rg7 23. Rh3 Rgxh7 24. Qxh7 Rxh7 25. Rxh7 Bb4 26. g4 e5 27. dxe5
fxe5 28. f5 Bxc3 29. Rxc3 d4 30. Rd3 e4 31. Rd2 d3 32. h4 Ne5 33. Rg7 Nf3+ 0-1

[Event "VIII Festival B"]
[Site "Amantea ITA"]
[Date "2010.09.03"]
[Round "6"]
[White "Pelyushenko, Vladyslav"]
[Black "Valotta, Massimiliano"]
[Result "0-1"]
[WhiteElo "1771"]
[BlackElo "1863"]
[PlyCount "136"]
[EventDate "2010.08.29"]

1. d4 e6 2. c4 c5 3. d5 d6 4. Nc3 Nf6 5. Nf3 Be7 6. e4 exd5 7. cxd5 Nbd7 8. Be2
O-O 9. O-O Ng4 10. h3 Nge5 11. Nxe5 dxe5 12. Be3 Bg5 13. Qd2 Bxe3 14. Qxe3 b6
15. Rad1 a6 16. Qg3 Qf6 17. f4 b5 18. f5 Nb6 19. a3 Bd7 20. Rc1 Rac8 21. Nd1 c4
22. Ne3 Na4 23. Ng4 Qb6+ 24. Kh1 f6 25. b3 cxb3 26. Qxb3 Qd4 27. Qg3 Kh8 28.
Qe3 Rc3 29. Rxc3 Nxc3 30. Qxd4 exd4 31. Bf3 Re8 32. Nf2 a5 33. Re1 Bxf5 34. g4
Bd7 35. Nd3 h5 36. Nc5 hxg4 37. hxg4 Bc8 38. Rg1 Kg8 39. g5 f5 40. exf5 Bxf5
41. Nb3 d3 42. Nxa5 Re3 43. Kg2 Be4 44. Bxe4 Nxe4 45. Nb3 d2 46. Nxd2 Nxd2 47.
Rc1 Rxa3 48. g6 Nc4 49. Re1 Re3 50. Rb1 Re2+ 51. Kg3 Re5 52. Rxb5 Rg5+ 53. Kf4
Rxg6 54. Rc5 Rf6+ 55. Ke4 Nd6+ 56. Ke5 Nf7+ 57. Ke4 g5 58. Rc6 Kg7 59. Re6 Kg6
60. Rc6 Rxc6 61. dxc6 Nd6+ 62. Ke5 Nc8 63. Ke4 Kf6 64. c7 Ne7 65. Kf3 Kf5 66.
Kf2 Kf4 67. Kf1 Kf3 68. Kg1 g4 0-1

[Event "VIII Festival B"]
[Site "Amantea ITA"]
[Date "2010.09.03"]
[Round "6"]
[White "Rametta, Marcello"]
[Black "De Rasis, Giovanni"]
[Result "1-0"]
[WhiteElo "1778"]
[BlackElo "1866"]
[PlyCount "69"]
[EventDate "2010.08.29"]

1. e4 Nf6 2. Nc3 d6 3. d4 g6 4. Bg5 c6 5. Nge2 Qa5 6. Qd2 b5 7. Ng3 b4 8. Nd1
h6 9. Bxf6 exf6 10. Ne3 h5 11. Nc4 Qd8 12. Bd3 Bh6 13. Qxb4 c5 14. dxc5 O-O 15.
Nxd6 Nc6 16. Qc3 Bf4 17. Rd1 Qe7 18. Nxc8 Raxc8 19. b4 h4 20. Ne2 Bh6 21. O-O
Ne5 22. h3 g5 23. f4 Ng6 24. Nd4 Rfe8 25. Nf5 Qf8 26. Qxf6 Re6 27. Nxh6+ Qxh6
28. Qxg5 Qxg5 29. fxg5 Ne5 30. Rf6 Kg7 31. Rdf1 Rcc6 32. Rxe6 Rxe6 33. b5 Rg6
34. Rf5 Re6 35. c6 1-0

[Event "VIII Festival B"]
[Site "Amantea ITA"]
[Date "2010.09.03"]
[Round "6"]
[White "Scovazzi, Tullio"]
[Black "Michienzi, Marco"]
[Result "1-0"]
[WhiteElo "1753"]
[BlackElo "1434"]
[PlyCount "103"]
[EventDate "2010.08.29"]

1. e4 e5 2. Bc4 d6 3. Nf3 Nf6 4. d3 h6 5. Be3 Be7 6. Nbd2 Ng4 7. Qe2 Nxe3 8.
Qxe3 Bg4 9. O-O Bg5 10. Nxg5 hxg5 11. c3 Bh5 12. d4 Qe7 13. Qg3 Nd7 14. Bb3 f6
15. f3 Bf7 16. Nc4 b6 17. dxe5 Bxc4 18. exf6 gxf6 19. Bxc4 O-O-O 20. a4 Ne5 21.
Be2 Rh4 22. a5 c6 23. axb6 axb6 24. Qf2 c5 25. Ra2 Kb8 26. Rfa1 Nc6 27. Bb5 Qb7
28. Bxc6 Qxc6 29. Qe2 c4 30. Qe3 Rdh8 31. h3 Qc5 32. Qxc5 dxc5 33. Ra8+ Kb7 34.
Rxh8 Rxh8 35. Kf2 Rf8 36. Rd1 Kc6 37. Ke3 b5 38. Rd5 Re8 39. Rf5 Re6 40. f4
gxf4+ 41. Kxf4 b4 42. e5 fxe5+ 43. Rxe5 Rxe5 44. Kxe5 Kb5 45. h4 Ka4 46. h5
bxc3 47. bxc3 Kb3 48. h6 Kxc3 49. h7 Kb3 50. h8=Q c3 51. Qh1 c2 52. Qc1 1-0

[Event "VIII Festival B"]
[Site "Amantea ITA"]
[Date "2010.09.03"]
[Round "6"]
[White "Serratore, Vincenzo"]
[Black "Manfroi, Andrea"]
[Result "1-0"]
[WhiteElo "1881"]
[BlackElo "1703"]
[PlyCount "67"]
[EventDate "2010.08.29"]

1. d4 d5 2. Bf4 Nf6 3. e3 c5 4. c3 Nc6 5. Nf3 Qb6 6. Qc1 c4 7. h3 h6 8. g4 e6
9. Nbd2 Be7 10. Qc2 Bd7 11. O-O-O Qa5 12. Kb1 b5 13. Ne5 Nxe5 14. dxe5 Ng8 15.
e4 Bc6 16. Bg2 b4 17. exd5 Bxd5 18. Bxd5 exd5 19. cxb4 Qxb4 20. Qc3 Qxc3 21.
bxc3 Rb8+ 22. Kc2 Ba3 23. Rb1 Rd8 24. Nf3 Ne7 25. Nd4 Bc5 26. Be3 Bxd4 27. Bxd4
Nc6 28. Bc5 Kd7 29. Rb7+ Ke6 30. f4 Rb8 31. Rhb1 Rxb7 32. Rxb7 Rd8 33. Rc7 Na5
34. Re7# 1-0

[Event "VIII Festival B"]
[Site "Amantea ITA"]
[Date "2010.09.03"]
[Round "6"]
[White "Tricomi, Massimo"]
[Black "Salvaggio, Salvatore"]
[Result "1-0"]
[WhiteElo "1890"]
[BlackElo "1823"]
[PlyCount "53"]
[EventDate "2010.08.29"]

1. e4 c5 2. Nc3 e6 3. g3 Nc6 4. Bg2 d6 5. d3 Nf6 6. f4 Be7 7. Nf3 O-O 8. O-O a6
9. h3 Rb8 10. g4 d5 11. e5 Nd7 12. Qe1 Qc7 13. Nd1 b5 14. Qg3 Nb4 15. Rf2 d4
16. a3 Nd5 17. g5 N7b6 18. Re2 Rd8 19. Nf2 b4 20. Ng4 Kh8 21. Nf6 gxf6 22. gxf6
Bxf6 23. exf6 Nxf6 24. Qh4 Nbd5 25. Ng5 Rg8 26. Be4 Nxe4 27. Qxh7# 1-0

[Event "VIII Festival B"]
[Site "Amantea ITA"]
[Date "2010.09.03"]
[Round "6"]
[White "Vesce, Emanuele"]
[Black "Pelyushenko, Anton"]
[Result "1-0"]
[WhiteElo "1735"]
[BlackElo "1845"]
[PlyCount "77"]
[EventDate "2010.08.29"]

1. e4 e5 2. Nf3 Nc6 3. Bc4 Nd4 4. Nxd4 exd4 5. c3 c5 6. d3 d6 7. O-O Nf6 8. f4
Bg4 9. Qb3 Qc7 10. e5 Nh5 11. Re1 Qe7 12. h3 Bc8 13. Bxf7+ Kd8 14. Bxh5 Qh4 15.
Qd1 Qg3 16. Bg4 Be7 17. Bxc8 Rxc8 18. Rf1 dxe5 19. Rf3 Qg6 20. fxe5 Qe6 21. Na3
Qxe5 22. Bf4 Qh5 23. Qa4 a6 24. cxd4 cxd4 25. Qxd4+ Ke8 26. Qe5 Qxe5 27. Bxe5
Rg8 28. Nc4 Rc6 29. Rc1 Kd8 30. Rf7 Bb4 31. Rd1 b5 32. Ne3 Re6 33. d4 Re7 34.
Rxe7 Kxe7 35. Nd5+ Ke6 36. Nxb4 a5 37. Nd3 Rc8 38. Nc5+ Kd5 39. Rf1 1-0

[Event "VIII Festival B"]
[Site "Amantea ITA"]
[Date "2010.09.03"]
[Round "6"]
[White "Vespe Roccomaria, Antonio"]
[Black "Dall'Aglio, Stefano"]
[Result "1-0"]
[WhiteElo "1329"]
[BlackElo "1380"]
[PlyCount "73"]
[EventDate "2010.08.29"]

1. d4 d5 2. c4 e6 3. Nc3 Nf6 4. Nf3 Nc6 5. e3 Bd6 6. Bd3 O-O 7. O-O dxc4 8.
Bxc4 e5 9. Bd2 exd4 10. exd4 Re8 11. Re1 Rxe1+ 12. Qxe1 Bf5 13. Ne5 Nxd4 14.
Nxf7 Qd7 15. Nxd6+ Kf8 16. Nxf5 Nc2 17. Qb1 Nxa1 18. Qxa1 Qxf5 19. Ne2 Qc2 20.
Qc1 Qxc1+ 21. Bxc1 Rd8 22. Bb3 c5 23. Nf4 Re8 24. Kf1 b5 25. Ne6+ Kf7 26. Nc7+
Ke7 27. Nxe8 Nxe8 28. Be3 c4 29. Bc2 Nf6 30. Bxa7 g5 31. f3 Nd5 32. Bxh7 Nb4
33. Bc5+ Kf7 34. Bxb4 Kf6 35. b3 Kg7 36. bxc4 bxc4 37. a4 1-0

[Event "VIII Festival B"]
[Site "Amantea ITA"]
[Date "2010.09.03"]
[Round "6"]
[White "Zampaglione, Francesco"]
[Black "Mileo, Miguelito"]
[Result "0-1"]
[WhiteElo "1467"]
[BlackElo "1647"]
[PlyCount "128"]
[EventDate "2010.08.29"]

1. d4 d5 2. Nf3 Nf6 3. e3 Bf5 4. Be2 e6 5. Nbd2 Nbd7 6. O-O Bd6 7. c4 c6 8. c5
Bc7 9. b4 a6 10. Bb2 Ne4 11. Nxe4 dxe4 12. Nd2 Nf6 13. a4 Nd5 14. b5 axb5 15.
axb5 Rxa1 16. Qxa1 O-O 17. b6 Bb8 18. Qb1 Qg5 19. Nxe4 Qh4 20. g3 Qxe4 21. Qxe4
Bxe4 22. f3 Bg6 23. e4 Ne7 24. Ra1 f5 25. Bc4 Bf7 26. Rd1 fxe4 27. fxe4 h6 28.
Rd2 Re8 29. Kf2 g5 30. Kf3 Bh5+ 31. Ke3 Bf7 32. Kf3 Kh7 33. Kg4 Kg6 34. Rf2 Ng8
35. Bd3 Nf6+ 36. Kh3 e5 37. Kg2 Nd7 38. Rf5 Be6 39. Rf2 Rf8 40. Rxf8 Nxf8 41.
d5 Bd7 42. d6 Kf6 43. Bc4 g4 44. Bc1 h5 45. Bb2 Be6 46. Bd3 Bb3 47. Kf2 Nd7 48.
Ba3 Ke6 49. Ke3 Kf6 50. Kd2 Be6 51. Ke3 Nf8 52. Kf2 Bd7 53. Bc4 Nh7 54. Bc1 Ng5
55. Bxg5+ Kxg5 56. Ke3 h4 57. Kf2 h3 58. Ke3 Kf6 59. Kd3 Be6 60. Bxe6 Kxe6 61.
Kc3 Bxd6 62. cxd6 c5 63. d7 Kxd7 64. Kc4 Kc6 0-1

[Event "VIII Festival B"]
[Site "Amantea ITA"]
[Date "2010.09.04"]
[Round "7"]
[White "Bevilacqua, Michele"]
[Black "Martino, Giovanni"]
[Result "1/2-1/2"]
[WhiteElo "1820"]
[BlackElo "1536"]
[PlyCount "54"]
[EventDate "2010.08.29"]

1. e4 c5 2. c3 Nf6 3. e5 Nd5 4. d4 d6 5. Bc4 e6 6. Nf3 Nc6 7. a3 Nb6 8. Ba2
cxd4 9. exd6 Qxd6 10. cxd4 Be7 11. Nc3 O-O 12. O-O Rd8 13. Be3 Bf6 14. Nb5 Qe7
15. Bf4 e5 16. Re1 Bg4 17. Qd3 Bxf3 18. gxf3 Nxd4 19. Nxd4 Rxd4 20. Qxd4 exd4
21. Rxe7 Bxe7 22. Re1 Bf6 23. Bc7 Na4 24. Bd5 Rc8 25. Bxb7 Rf8 26. Bd6 Rd8 27.
Bc7 Rf8 1/2-1/2

[Event "VIII Festival B"]
[Site "Amantea ITA"]
[Date "2010.09.04"]
[Round "7"]
[White "Caporale, Giuseppe Guido"]
[Black "Gregori, Giacomo"]
[Result "0-1"]
[WhiteElo "1794"]
[BlackElo "1802"]
[PlyCount "150"]
[EventDate "2010.08.29"]

1. e4 d6 2. d4 Nf6 3. Nc3 c6 4. Be2 Nbd7 5. Nf3 e5 6. O-O Be7 7. Re1 O-O 8. a4
Qc7 9. Bg5 h6 10. Be3 Ng4 11. Bd2 Re8 12. h3 Ngf6 13. Bf1 Bf8 14. a5 g6 15. Bc1
Bg7 16. b4 exd4 17. Nxd4 b6 18. Rb1 bxa5 19. bxa5 Qxa5 20. Bd2 Qc7 21. Nf3 Nc5
22. Bd3 Nfd7 23. Ne2 Nxe4 24. Ng3 Nef6 25. Rxe8+ Nxe8 26. Qe1 Nef6 27. Bc4 d5
28. Bd3 Nc5 29. Ba5 Nxd3 30. cxd3 Qd6 31. d4 Rb8 32. Bb4 Qc7 33. Rc1 Ba6 34.
Bc5 Bb5 35. Qb4 Re8 36. Bd6 Qb7 37. Be5 Nd7 38. Qc3 Nxe5 39. dxe5 Qb8 40. Re1
Bc4 41. Nf1 Bxf1 42. Kxf1 Qb5+ 43. Kg1 a5 44. Nd4 Qb4 45. Qxb4 axb4 46. Nxc6
Bf8 47. Kf1 Rc8 48. Nd4 Rc4 49. Rd1 Bc5 50. Nb3 d4 51. Nxc5 Rxc5 52. Rxd4 Rb5
53. f4 Kf8 54. Rd2 b3 55. Rb2 Ke7 56. Ke2 Ke6 57. Ke3 Kd5 58. Kd3 g5 59. fxg5
hxg5 60. Kc3 Kxe5 61. Kd3 Kf4 62. Ke2 Kg3 63. Kf1 f5 64. Kg1 Kf4 65. Kf2 Ke4
66. Ke2 Kd4 67. Kd2 Kc4 68. Kc1 Kc3 69. Rf2 Rc5 70. Rf3+ Kb4+ 71. Kb1 Re5 72.
g3 Ka3 73. Rf1 Re3 74. Rg1 Rc3 75. h4 gxh4 0-1

[Event "VIII Festival B"]
[Site "Amantea ITA"]
[Date "2010.09.04"]
[Round "7"]
[White "Carbone, Stefano"]
[Black "Tricomi, Massimo"]
[Result "1-0"]
[WhiteElo "1885"]
[BlackElo "1890"]
[PlyCount "38"]
[EventDate "2010.08.29"]

1. g3 e5 2. c4 Nc6 3. Bg2 Nf6 4. Nc3 Bc5 5. e3 d5 6. Nxd5 Nxd5 7. cxd5 Nb4 8.
Qb3 Bf5 9. e4 Bg4 10. f3 Qf6 11. a3 Qb6 12. d4 exd4 13. axb4 d3 14. Qa4+ Bd7
15. bxc5 d2+ 16. Bxd2 Qxb2 17. Qa3 Qd4 18. Qc3 Qxc3 19. Bxc3 O-O 1-0

[Event "VIII Festival B"]
[Site "Amantea ITA"]
[Date "2010.09.04"]
[Round "7"]
[White "Carlomagno, Vincenzo"]
[Black "Grudina, Marco"]
[Result "1/2-1/2"]
[WhiteElo "1851"]
[BlackElo "1866"]
[PlyCount "168"]
[EventDate "2010.08.29"]

1. e4 e5 2. Nf3 Nc6 3. Bc4 Bc5 4. c3 Nf6 5. d3 d6 6. Nbd2 a6 7. Bb3 Ba7 8. O-O
O-O 9. h3 h6 10. Re1 Nh5 11. Nf1 Qe7 12. d4 Nf6 13. Ng3 Kh8 14. Nh4 Ng8 15.
Nhf5 Bxf5 16. Nxf5 Qf6 17. Be3 Rfe8 18. d5 Bxe3 19. Rxe3 Na5 20. Rf3 Qd8 21.
Qd2 b6 22. Rg3 g5 23. h4 f6 24. hxg5 fxg5 25. Bd1 Rf8 26. Rh3 Qf6 27. Qe2 Qg6
28. Rh5 Rf7 29. Qg4 Raf8 30. Qh3 Rh7 31. Be2 b5 32. g3 Nb7 33. b4 Nd8 34. a4
Nf7 35. Qh1 Rb8 36. axb5 axb5 37. Ra5 Nf6 38. Rh2 g4 39. Rxb5 Rxb5 40. Bxb5 Ng5
41. Nh4 Qxe4 42. Qxe4 Nfxe4 43. Bd3 Rf7 44. Bxe4 Nxe4 45. c4 Nd2 46. c5 dxc5
47. bxc5 Ne4 48. Ng6+ Kh7 49. Nxe5 Rg7 50. Rh4 Nf6 51. d6 cxd6 52. cxd6 h5 53.
Kf1 Kh6 54. Ke2 Nd7 55. Nc4 Rg5 56. Rh1 Rc5 57. Kd3 Rf5 58. Rf1 Kg5 59. Kd4 Nc5
60. Ne3 Ne6+ 61. Kc4 Rc5+ 62. Kb4 Re5 63. d7 Kf6 64. Rd1 Ke7 65. Rd3 Kd8 66.
Kc3 Nf8 67. Rd5 Rxd5 68. Nxd5 Nxd7 69. Kd4 Ke8 70. Ke4 Nc5+ 71. Kf5 Nd3 72.
Nf6+ Kf7 73. Ne4 Ke7 74. Kg5 Ke6 75. Kxh5 Kf5 76. Nd6+ Ke6 77. Kxg4 Kxd6 78. f4
Ke6 79. Kg5 Kf7 80. Kf5 Nc5 81. g4 Ne6 82. g5 Ng7+ 83. Ke5 Kg6 84. Ke4 Nf5
1/2-1/2

[Event "VIII Festival B"]
[Site "Amantea ITA"]
[Date "2010.09.04"]
[Round "7"]
[White "De Luca, Alessio"]
[Black "Sansosti, Simona"]
[Result "0-1"]
[WhiteElo "1416"]
[BlackElo "1410"]
[PlyCount "114"]
[EventDate "2010.08.29"]

1. d4 d5 2. c4 e6 3. cxd5 exd5 4. Nf3 Nf6 5. Nc3 Bg4 6. Bg5 Be7 7. Qb3 Nbd7 8.
h3 Bxf3 9. gxf3 Nb6 10. e3 O-O 11. O-O-O c6 12. Bd3 h6 13. Bh4 Nh5 14. Bxe7
Qxe7 15. Rhg1 Nd7 16. Qxb7 Rfb8 17. Qxc6 Rc8 18. Qxd5 Qb4 19. Rd2 Rxc3+ 20.
bxc3 Qxc3+ 21. Kd1 Qa1+ 22. Ke2 Qxg1 23. Qxh5 Nf6 24. Qe5 Re8 25. Qc7 Qg5 26.
Bc4 Kh8 27. Qxf7 a5 28. Rd1 Rb8 29. f4 Qh4 30. Bb3 Qxh3 31. Qa7 Qg4+ 32. Kd2
Ne4+ 33. Kd3 Nxf2+ 34. Kd2 Rxb3 35. axb3 Qxd1+ 36. Kc3 Qd3+ 37. Kb2 Nd1+ 38.
Ka3 Nxe3 39. Qb8+ Kh7 40. Qc8 Nc2+ 41. Ka2 Nxd4 42. Qb7 Qc2+ 43. Ka3 Qd3 44.
Qf7 Nc2+ 45. Ka4 Qc3 46. Qf5+ Kg8 47. Qe6+ Kf8 48. Qd6+ Ke8 49. Qg6+ Kd8 50.
Qb6+ Qc7 51. Qf2 Kc8 52. f5 Nb4 53. Qe3 Nc6 54. Qe8+ Kb7 55. Qg6 Qf4+ 56. Ka3
Qc1+ 57. Ka4 Qa1+ 0-1

[Event "VIII Festival B"]
[Site "Amantea ITA"]
[Date "2010.09.04"]
[Round "7"]
[White "De Marinis, Marcello"]
[Black "Serratore, Vincenzo"]
[Result "0-1"]
[WhiteElo "1774"]
[BlackElo "1881"]
[PlyCount "86"]
[EventDate "2010.08.29"]

1. Nf3 Nf6 2. g3 g6 3. Bg2 Bg7 4. O-O O-O 5. d3 d5 6. c3 Nc6 7. Nbd2 Bf5 8. Re1
Qd7 9. Nb3 b6 10. Nbd4 Nxd4 11. Nxd4 Bh3 12. Bh1 Rad8 13. Qc2 e5 14. Nf3 Ng4
15. e4 d4 16. c4 f6 17. b4 Nh6 18. c5 Kh8 19. a4 Nf7 20. c6 Qe6 21. b5 h6 22.
Ba3 Nd6 23. Nh4 Kh7 24. Bg2 Bxg2 25. Nxg2 f5 26. Bxd6 Qxd6 27. f4 Rf7 28. Qc4
Rdf8 29. a5 fxe4 30. Rxe4 g5 31. axb6 axb6 32. Rae1 exf4 33. Re6 Qa3 34. gxf4
gxf4 35. Nh4 f3 36. Rf1 f2+ 37. Kg2 Qc3 38. Ng6 Rd8 39. Rxf2 Rxf2+ 40. Kxf2
Qxc4 41. dxc4 d3 42. Ke1 Bc3+ 43. Kd1 Ra8 0-1